000 00251nam a2200109Ia 4500
008 231212s1982 xx 000 0 und d
041 _aeng
082 _a1.64
100 _aLeventhal L.A.
245 _aIntroduction To
260 _aDelhi
_bPrintic
_c1982
999 _c958885
_d958885